Alpha Flight Members by Picture - Statistics

General Stats
  • This quiz has been taken 11 times
  • The average score is 9 of 12
Answer Stats
Picture Answer % Correct
Puck
100%
Sasquatch
100%
Shaman
100%
Guardian
90%
Northstar
90%
Aurora
80%
Snowbird
70%
Vindicator
60%
Box
50%
Marrina
50%
Talisman
50%
Persuasion
30%
No matching quizzes found
Score Distribution
Percent of People with Each Score
Percentile by Number Answered
Your Score History
You have not taken this quiz